| 000 | 00952cab a22002175a 4500 | ||
|---|---|---|---|
| 001 | L159016 | ||
| 008 | 151209e20150512xxk 000 0 eng d | ||
| 035 | _a(Sirsi) u159016 | ||
| 041 | 0 | _aeng | |
| 100 | 1 | _aMcClary, Samantha | |
| 245 | 0 | 0 | _aTop Agents 2015 |
| 260 | _c2015 | ||
| 490 |
_aEstates Gazette _v(1548) 5 December 2015, 58-65(6) |
||
| 520 | _aLooks at the top agents in a booming market. Notes that for the first time in the 18 year history of the survey CBRE has taken the number one spot helped by a 191.5% increase in UK turnover to £891m. Growth drivers for agents included acquisitions and investment fees and the biggest challenges were retaining quality staff and pressure on margins. Further discusses other issues such as consolidation in the industry. | ||
| 590 | _aKA | ||
| 651 | 4 | _aUnited Kingdom | |
| 690 |
_aCommercial property _96227 |
||
| 690 |
_aResidential property _96266 |
||
| 700 | 1 | _aWright, Emily | |
| 942 | _n0 | ||
| 999 |
_c84771 _d84771 |
||